Metrology and Instrumentation : Practical Application for Engineering and Manufacturing (Record no. 3696)

MARC details
005 - DATE AND TIME OF LATEST TRANSACTION
control field 20250611061206.0
020 ## - INTERNATIONAL STANDARD BOOK NUMBER
International Standard Book Number 978-1-119-72173-4
082 ## - DEWEY DECIMAL CLASSIFICATION NUMBER
Classification number 389.1 MEK
100 ## - MAIN ENTRY--PERSONAL NAME
Author name MEKID,S.
245 ## - TITLE STATEMENT
Title Metrology and Instrumentation : Practical Application for Engineering and Manufacturing
260 ## - PUBLICATION, DISTRIBUTION, ETC.
Place of publication, distribution, etc. Hoboken,
Name of publisher, distributor, etc. Wiley,
Date of publication, distribution, etc. 2021.
300 ## - PHYSICAL DESCRIPTION
Extent xvii, 376p.: Ill.; figures.
Other physical details Index
Dimensions 26cm.
856 ## - ELECTRONIC LOCATION AND ACCESS
Link text Access Online Book
Electronic name Metrology and Instrumentation
Path www.wiley.com
942 ## - ADDED ENTRY ELEMENTS (KOHA)
Source of classification or shelving scheme Dewey Decimal Classification
Koha item type Books
Holdings
Date last seen Total checkouts Full call number Barcode Cost, replacement price Price effective from Koha item type Lost status Source of classification or shelving scheme Damaged status Not for loan Withdrawn status Home library Current library Shelving location Date acquired Cost, normal purchase price
06/11/2025   389.1 MEK 00000012559 999999.99 06/11/2025 Books   Dewey Decimal Classification       College of Business Education Main Library College of Business Education Main Library General Collection 09/17/2024 339563.00
06/11/2025   389.1 MEK 00000012560 999999.99 06/11/2025 Books   Dewey Decimal Classification       College of Business Education Main Library College of Business Education Main Library General Collection 09/17/2024 339563.00
06/11/2025   389.1 MEK 00000012561 999999.99 06/11/2025 Books   Dewey Decimal Classification       College of Business Education Main Library College of Business Education Main Library General Collection 09/17/2024 339563.00
06/11/2025   389.1 MEK 00000012562 999999.99 06/11/2025 Books   Dewey Decimal Classification       College of Business Education Main Library College of Business Education Main Library General Collection 09/17/2024 339563.00
06/11/2025   389.1 MEK 00000012563 999999.99 06/11/2025 Books   Dewey Decimal Classification       College of Business Education Main Library College of Business Education Main Library General Collection 09/17/2024 339563.00